Castle on the hill /

Bibliographic Details
Main Author: Goudge, Elizabeth, 1900-1984
Format: Book
Language:English
Published: New York : Coward-McCann, [1942]

MARC

Tag First Indicator Second Indicator Subfields
LEADER 00000cam a2200000 a 4500
001 in00000077878
005 20151008055044.0
008 720525s1942 nyu 00011 engmu
010 |a  42036216  
035 |a (OCoLC)00317416 
035 |9 AAJ2428AM 
040 |c MSC  |d m.c.  |d TXA  |d UtOrBLW 
049 |a TXAM  |c [1672589] 
090 |a PR6013.O74  |b C3 
100 1 |a Goudge, Elizabeth,  |d 1900-1984. 
245 1 0 |a Castle on the hill /  |c Elizabeth Goudge. 
264 1 |a New York :  |b Coward-McCann,  |c [1942] 
264 4 |c ©1942 
300 |a 346 pages ;  |c 21 cm. 
336 |a text  |b txt  |2 rdacontent 
337 |a unmediated  |b n  |2 rdamedia 
338 |a volume  |b nc  |2 rdacarrier 
999 |a MARS 
999 f f |s 30992c5c-d5a5-39c5-b48d-1105b8321f4b  |i 27596ce8-a1d1-3daa-b579-f47d49262b46  |t 0 
952 f f |p normal  |a Texas A&M University  |b College Station  |c Sterling C. Evans Library  |d Evans: Library Stacks  |t 0  |e PR6013.O74 C3  |h Library of Congress classification  |i unmediated -- volume  |m A14806186479 
998 f f |a PR6013.O74 C3  |t 0  |l Evans: Library Stacks